| 000 | 01259namaa22003251i 4500 | ||
|---|---|---|---|
| 005 | 20260421101920.0 | ||
| 008 | 260421s1995 ua a|||frm||| 000 0 eng d | ||
| 040 |
_aEG-GICUC _beng _cEG-GICUC _dEG-GICUC _erda |
||
| 041 | 0 |
_aeng _beng _bara |
|
| 049 | _aDeposit | ||
| 097 | _aM.Sc | ||
| 099 | _aCai01.11.24/28.M.Sc.1995.Da.P. | ||
| 100 | 0 |
_aDalia Ahmed Hassan Saied, _epreparation. |
|
| 245 | 1 | 0 |
_aProfile Of Diabetic Ketoacidosis / _cBy Dalia Ahmed Hassan Saied; Supervisors Dr. Mohamed Badawy, Dr. Fatma EL Mougy, Dr. Mona Hafez. |
| 246 | 1 | 5 | _aخصائص غيبوبة ارتفاع سكر الدم الحمضية / |
| 264 | 0 | _c1995. | |
| 300 |
_a237 pages : _billustrations ; _c30 cm. + |
||
| 336 |
_2rda content _atext |
||
| 337 |
_2rdamedia _aUnmediated |
||
| 338 |
_2rdacarrier _avolume |
||
| 502 | _aThesis (M.Sc.) -Cairo University, 1995. | ||
| 504 | _aBibliography: pages 209-237. | ||
| 653 | 0 | _aPediatrics | |
| 700 | 0 |
_aMohamed Badawy _ethesis advisor. |
|
| 700 | 0 |
_aFatma EL Mougy _ethesis advisor. |
|
| 700 | 0 |
_aMona Hafez _ethesis advisor. |
|
| 900 |
_DDepartment of Pediatrics _FFaculty of Medicine _UCairo University _b1995 _cMohamed Badawy _cFatma EL Mougy _cMona Hafez |
||
| 905 | _aEman El gebaly | ||
| 942 |
_2ddc _cTH _e21 _n0 |
||
| 999 | _c179636 | ||